000 01202cam a2200313 i 4500
001 4277534
003 EG-ScBUE
005 20250617093834.0
008 850516r19861977nyua f b 001 0 eng d
020 _a0486649970
040 _aDLC
_beng
_erda
_cDLC
_dDLC
_dEG-ScBUE
082 0 4 _a538.4
_222
_bCHE
100 1 _aChen, Chih-wen,
_eauthor.
_96452
245 1 0 _aMagnetism and metallurgy of soft magnetic materials /
_cby Chih-wen Chen.
264 1 _aNew York :
_bDover Publications,
_c[1986]
264 4 _cc1986
300 _axviii, 571 pages :
_billustrations ;
_c22 cm
336 _2rdacontent
_atext
_btxt
337 _aunmediated
_2rdamedia
_bn
338 _avolume
_bnc
_2rdacarrier
500 _aReprint. Originally published: Amsterdam ; New York : North-Holland Pub. Co., 1977. (Series of monographs on selected topics in solid-state physics ; 15)
504 _aIncludes bibliographical references and index.
650 7 _aMagnetism.
_2BUEsh
_96454
650 7 _aPhysical metallurgy.
_2BUEsh
_96455
650 7 _96453
_aMagnetic materials.
_2BUEsh
655 _vReading book
856 4 2 _3Publisher description
_uhttp://www.loc.gov/catdir/description/dover031/85010393.html
942 _2ddc
_cBB
999 _c11896
_d11896